书目信息 |
| 题名: |
北京爱情:只爱陌生人
|
|
| 作者: | 徐小斌 , 陈染 著 | |
| 分册: | ||
| 出版信息: | 北京 台海出版社 2006.10 |
|
| 页数: | 257页 | |
| 开本: | 23cm | |
| 丛书名: | 爱情馆系列 | |
| 单 册: | ||
| 中图分类: | I247.7 | |
| 科图分类: | ||
| 主题词: | 短篇小说--duan pian xiao shuo--中国--现代--选集 | |
| 电子资源: | ||
| ISBN: | 7-80141-511-6 | |
| 000 | 01038nam 2200265 450 | |
| 001 | 012008067848 | |
| 005 | 20080316183759.09 | |
| 010 | @a7-80141-511-6@dCNY22.90 | |
| 100 | @a20080316d2006 km y0chiy0120 ea | |
| 101 | 0 | @achi |
| 102 | @aCN@b110000 | |
| 105 | @ay z 000ay | |
| 106 | @ar | |
| 200 | 1 | @a北京爱情:只爱陌生人@Abei jing ai qing:zhi ai mo sheng ren@f徐小斌, 陈染等著@Fxu xiao bin,chen ran deng zhu |
| 210 | @a北京@c台海出版社@d2006.10 | |
| 215 | @a257页@d23cm | |
| 225 | 2 | @a爱情馆系列@Aai qing guan xi lie |
| 330 | @a爱情使人忘记时间,时间也使人忘记爱情。开始的时候,我们就知道,每一段爱情,或长或短,总会有终结。有些人注定是等待别人的,有些人是注定被人等的。爱情来临时是快乐的,爱情离开时是悲伤的。可是,无论快乐还是悲伤,一辈子的记忆里却总是有你。 | |
| 410 | 0 | @12001 @a爱情馆系列 |
| 606 | 0 | @a短篇小说@Aduan pian xiao shuo@y中国@z现代@j选集 |
| 690 | @aI247.7@v4 | |
| 701 | 0 | @a徐小斌@Axu xiao bin@4著 |
| 701 | 0 | @a陈染@Achen ran@4著 |
| 801 | 0 | @aCN@bQSSK@c20080316 |
| 905 | @b20285568-71@dI247.7@eX820@f4 | |
| 北京爱情:只爱陌生人/徐小斌, 陈染等著.-北京:台海出版社,2006.10 |
| 257页;23cm.-(爱情馆系列) |
| ISBN 7-80141-511-6:CNY22.90 |
| 爱情使人忘记时间,时间也使人忘记爱情。开始的时候,我们就知道,每一段爱情,或长或短,总会有终结。有些人注定是等待别人的,有些人是注定被人等的。爱情来临时是快乐的,爱情离开时是悲伤的。可是,无论快乐还是悲伤,一辈子的记忆里却总是有你。 |
| ● |
| 相关链接 |
|
|
|
正题名:北京爱情:只爱陌生人
索取号:I247.7/X820
 
预约/预借
| 序号 | 登录号 | 条形码 | 馆藏地/架位号 | 状态 | 备注 |
| 1 | 285568 | 202855687 | 文学库108/108文学库 61排2列3层/ [索取号:I247.7/X820] | 在馆 | |
| 2 | 285569 | 202855696 | 文学库108/108文学库 61排2列3层/ [索取号:I247.7/X820] | 在馆 | |
| 3 | 285570 | 202855703 | 文学库108/108文学库 61排2列3层/ [索取号:I247.7/X820] | 在馆 | |
| 4 | 285571 | 202855712 | 文学库108/108文学库 61排2列3层/ [索取号:I247.7/X820] | 在馆 |